Změny v posuzování konkurenčního prostředí v České ekonomice
Otázky kvality konkurenčného prostredia v Českej republike. Metóda COMP (competition - súťaž) a jej aplikácia. Zmeny v českej legislatíve pre oblasť politiky hospodárskej súťaže. Zneužitie dominantného postavenia. Spájanie konkurentov.
Na minha lista:
| Autor principal: | |
|---|---|
| Formato: | Capítulo de Livro |
| Idioma: | tcheco |
| Assuntos: | |
| Tags: |
Sem tags, seja o primeiro a adicionar uma tag!
|
MARC
| LEADER | 00000naa$a2200000$$$4500 | ||
|---|---|---|---|
| 001 | 0022783 | ||
| 005 | 20230918083059.7 | ||
| 041 | 0 | |a cze | |
| 044 | |a SK | ||
| 245 | 1 | 0 | |a Změny v posuzování konkurenčního prostředí v České ekonomice |c Kamil Fuchs |
| 520 | |a Otázky kvality konkurenčného prostredia v Českej republike. Metóda COMP (competition - súťaž) a jej aplikácia. Zmeny v českej legislatíve pre oblasť politiky hospodárskej súťaže. Zneužitie dominantného postavenia. Spájanie konkurentov. | ||
| 610 | 2 | 0 | |a prostredie ekonomické |
| 610 | 2 | 0 | |a prostredie podnikateľské |
| 610 | 2 | 0 | |a politika protimonopolná |
| 610 | 2 | 0 | |a koncentrácia |
| 610 | 2 | 0 | |a konkurencia |
| 610 | 2 | 0 | |a Česko |
| 610 | 2 | 0 | |a legislatíva |
| 610 | 2 | 0 | |a súťaž hospodárska |
| 610 | 2 | 0 | |a súťaž nekalá |
| 100 | 1 | |a Fuchs, Kamil | |